Mass-Transfer Operations / (Record no. 12914)

MARC details
000 -LEADER
fixed length control field 00941pam a2200289 i 4500
001 - CONTROL NUMBER
control field 3210810
005 - DATE AND TIME OF LATEST TRANSACTION
control field 20170529095149.0
008 - FIXED-LENGTH DATA ELEMENTS--GENERAL INFORMATION
fixed length control field 781218s1980 nyua b 001 0 eng
010 ## - LIBRARY OF CONGRESS CONTROL NUMBER
LC control number 78027876
020 ## - INTERNATIONAL STANDARD BOOK NUMBER
International Standard Book Number 0070651760
040 ## - CATALOGING SOURCE
Original cataloging agency DLC
Transcribing agency DLC
Modifying agency DLC
050 00 - LIBRARY OF CONGRESS CALL NUMBER
Classification number TP156.M3
Item number T7 1980
082 00 - DEWEY DECIMAL CLASSIFICATION NUMBER
Edition number 22
Classification number 660.28422
Item number TRE
100 1# - MAIN ENTRY--PERSONAL NAME
Personal name Treybal, Robert Ewald,
Dates associated with a name 1915-
9 (RLIN) 9368
245 10 - TITLE STATEMENT
Title Mass-Transfer Operations /
Statement of responsibility, etc Robert E. Treybal.
250 ## - EDITION STATEMENT
Edition statement 3rd ed.
260 ## - PUBLICATION, DISTRIBUTION, ETC. (IMPRINT)
Place of publication, distribution, etc New York :
Name of publisher, distributor, etc McGraw-Hill,
Date of publication, distribution, etc c1980.
300 ## - PHYSICAL DESCRIPTION
Extent xiv, 784 p. :
Other physical details ill. ;
Dimensions 25 cm.
490 0# - Series Statement
Series statement McGraw-Hill chemical engineering series
500 ## - GENERAL NOTE
General note Includes index
504 ## - BIBLIOGRAPHY, ETC. NOTE
Bibliography, etc Includes bibliographical references and index.
650 #0 - SUBJECT ADDED ENTRY--TOPICAL TERM
Topical term or geographic name as entry element Chemical engineering.
9 (RLIN) 9369
Source of heading or term BUEsh
650 #0 - SUBJECT ADDED ENTRY--TOPICAL TERM
Topical term or geographic name as entry element Mass transfer.
9 (RLIN) 9370
Source of heading or term BUEsh
651 ## - SUBJECT ADDED ENTRY--GEOGRAPHIC NAME
Source of heading or term BUEsh
856 41 - ELECTRONIC LOCATION AND ACCESS
Materials specified Table of contents
Uniform Resource Identifier <a href="http://www.loc.gov/catdir/toc/mh021/78027876.html">http://www.loc.gov/catdir/toc/mh021/78027876.html</a>
942 ## - ADDED ENTRY ELEMENTS (KOHA)
Source of classification or shelving scheme Dewey Decimal Classification
Item type Book - Borrowing
Edition 22
Call number prefix 660.28422 TRE
Holdings
Withdrawn status Item status Source of classification or shelving scheme Damaged status Not for loan Vendor Home library Current library Shelving location Date acquired Source of acquisition Cost, normal purchase price Serial Enumeration / chronology Total Checkouts Total Renewals Full call number Barcode Date last seen Date last borrowed Koha item type
    Dewey Decimal Classification     Baccah Central Library Central Library First floor 17/11/2009   190.00 9014 6 47 660.28422 TRE 000019016 15/07/2025 05/10/2022 Book - Borrowing